000 00302pam a2200121 a 4500
020 _a0-7069-0915-1
_c
041 _h
082 _a658.4032
_bKOT
100 _aDHAYAGUDE M.G.,
245 _aQUANTITATIVE TECHNIQUES
_hTextual Documents
260 _aPUNE
_bEVEREST PUBLISHING HOUSE
_c1995
930 _a12573
999 _c132000
_d132000